Boom : Mad Money, Mega Dealers, And The Rise Of Contemporary Art (Record no. 43507)

MARC details
000 -LEADER
fixed length control field 01131cam a2200325 i 4500
001 - CONTROL NUMBER
control field 20672444
005 - DATE AND TIME OF LATEST TRANSACTION
control field 20250401153940.0
008 - FIXED-LENGTH DATA ELEMENTS--GENERAL INFORMATION
fixed length control field 180917s2049 nyu b 001 0 eng
010 ## - LIBRARY OF CONGRESS CONTROL NUMBER
LC control number 2018044679
020 ## - INTERNATIONAL STANDARD BOOK NUMBER
International Standard Book Number 9781610398404 (hardcover)
042 ## - AUTHENTICATION CODE
Authentication code pcc
082 00 - DEWEY DECIMAL CLASSIFICATION NUMBER
Classification number 701.03 SHN
100 1# - MAIN ENTRY--PERSONAL NAME
Author Shnayerson, Michael,
245 10 - TITLE STATEMENT
Title Boom : Mad Money, Mega Dealers, And The Rise Of Contemporary Art
Remainder of title
250 ## - EDITION STATEMENT
Edition statement 1st
260 ## - PUBLICATION, DISTRIBUTION, ETC.
Place New York
Publisher Hacette
Publication Year 2019
300 ## - PHYSICAL DESCRIPTION
Extent 450 pages ;
Dimensions 25 cm
504 ## - BIBLIOGRAPHY, ETC. NOTE
Bibliography, etc. note Includes bibliographical references (pages 431-436) and index.
650 #0 - SUBJECT ADDED ENTRY--TOPICAL TERM
Subject Art
650 #0 - SUBJECT ADDED ENTRY--TOPICAL TERM
Subject Art
650 #0 - SUBJECT ADDED ENTRY--TOPICAL TERM
Subject Art and society
942 ## - ADDED ENTRY ELEMENTS (KOHA)
Koha item type Books
264 #1 - PRODUCTION, PUBLICATION, DISTRIBUTION, MANUFACTURE, AND COPYRIGHT NOTICE
Place of production, publication, distribution, manufacture New York :
Name of producer, publisher, distributor, manufacturer PublicAffairs,
Date of production, publication, distribution, manufacture, or copyright notice 2019.
336 ## - CONTENT TYPE
Content type term text
Content type code txt
Source rdacontent
337 ## - MEDIA TYPE
Media type term unmediated
Media type code n
Source rdamedia
338 ## - CARRIER TYPE
Carrier type term volume
Carrier type code nc
Source rdacarrier
776 08 - ADDITIONAL PHYSICAL FORM ENTRY
Relationship information Online version:
Main entry heading Shnayerson, Michael.
Title Boom.
Edition First edition
Place, publisher, and date of publication New York : PublicAffairs, 2019
International Standard Book Number 9781610398411
Record control number (DLC) 2018046063
906 ## - LOCAL DATA ELEMENT F, LDF (RLIN)
a 7
b cbc
c orignew
d 1
e ecip
f 20
g y-gencatlg
Holdings
Withdrawn status Lost status Source of classification or shelving scheme Damaged status Not for loan Home library Current library Shelving location Accession Date Vendor Price Bill number Total Checkouts Full call number Barcode No Date last seen Discount Bill Date Koha item type Suggested By
    Dewey Decimal Classification     IMTN IMTN Rack 38-A 03/26/2025 Raghav Books Private Limited 1525.00 2374   701.03 SHN 33790 04/01/2025 30 02/14/2025 Books Dr. Mantha Raghu (Head Librarian)
Designed & Maintained by: LRC IMT Nagpur Contact: lrc@imtnag.ac.in© 2024. All Rights Reserved.